[Event "Belgrade tt Cup"]
[Site "Belgrade"]
[Date "2007.04.11"]
[Round "3.7"]
[White "Dimitrijevic, Sava"]
[Black "Dinic, Goran"]
[Result "0-1"]
[WhiteElo "1970"]
[BlackElo "2100"]
[PlyCount "72"]
[EventDate "2007.04.09"]
[EventType "team-tourn"]
[EventRounds "5"]
[EventCountry "YUG"]
[SourceTitle "EXT 2008"]
[Source "ChessBase"]
[SourceDate "2007.11.25"]
[SourceVersion "1"]
[SourceVersionDate "2007.11.25"]
[SourceQuality "1"]

1. Nf3 d5 2. b3 c6 3. Bb2 Bf5 4. d3 Nf6 5. Nbd2 Nbd7 6. g3 h6 7. Bg2 e6 8. 0-0 Bc5 9. h3 0-0 10. Re1 a5 11. a4 Bh7 12. e4 dxe4 13. dxe4 Qc7 14. Qe2 Qxg3 15. Bd4 Qc7 16. Rad1 Rad8 17. Bxc5 Nxc5 18. Qc4 b6 19. e5 Nd5 20. Nd4 Nb4 21. N2f3 Rd7 22. Rc1 Rfd8 23. Kh1 Be4 24. Ne2 Bxf3 25. Bxf3 Qxe5 26. Ng3 Qf6 27. Bg2 Rd4 28. Qe2 Rd2 29. Qg4 Qg5 30. Qf3 Nxc2 31. Rg1 Nd4 32. Qc3 Rd3 33. Qe1 Rxg3 34. fxg3 Nd3 35. Qc3 Nxc1 36. Qxc1 Qxc1 0-1